00645 a2200181 4500020004000000020004000040050001800080100002400098245005100122250001200173264003000185300002000215500002000235650002900255650003900284650005100323856008900374 a0198764308 (cloth : acidfree paper) a0198764294 (paper : acidfree paper)00aKF1246CAN19961 aCane, Peter,d1950-10aTort law and economic interests /cPeter Cane. a2nd ed. aOxford:bClarendon,c1996 axliii, 518 p. ; aIncludes index. 0aTortsxEconomic aspects. 0aLiability (Law)xEconomic aspects. 0aInterest (Ownership rights)xEconomic aspects.423Publisher descriptionuhttp://www.loc.gov/catdir/enhancements/fy0638/95046834-d.html